| 000 | 00823nam a2200217Ii 4500 | ||
|---|---|---|---|
| 003 | JO-AjNU | ||
| 008 | 230605s9999||||xx |||||||||||||| ||und|| | ||
| 040 |
_aJO-AjNU _bara _erda _cJO-AjNU |
||
| 041 | _aara | ||
| 050 | 1 | 4 | _aBP153.H8722 1982 |
| 100 | 3 |
_aالحسيني، أبي بكر بن هداية الله؛ تحقيق وتعليق عادل نويهض؛ مراجعة لجنة احياء التراث العربي, _eauthor _920548 |
|
| 245 | 0 | 0 | _aطبقات الشافعية |
| 250 | _aط3 | ||
| 264 | 3 | 1 | _aبيروت: دار الافاق الجديدة، 1982 |
| 300 | _a286ص | ||
| 336 |
_atext _btxt _2rdacontent |
||
| 337 |
_aunmediated _bn _2rdamedia |
||
| 338 |
_avolume _bnc _2rdacarrier |
||
| 490 | 0 | _aذخائر التراث العربي | |
| 650 | 4 |
_aالفقهاء الشافعين - تراجم - _920549 |
|
| 999 |
_aA6983 _c10551 _d10551 |
||